Distribution par images - Les Trois Frères - Statistiques

Statistiques générales
  • Ce quiz a été pris 32 fois
  • Le résultat moyen est 4 sur 9
Statistiques - réponses
Par images Hint Réponse % Correct
Didier Latour Didier Bourdon
100%
Brice Elie Semoun
93%
Pascal Latour Pascal Légitimus
93%
Bernard Latour Bernard Campan
83%
Patronne du PMU Yolande Moreau
37%
Steve Marchand Bernard Farcy
20%
Geneviève Rougemont Annick Alane
10%
Jean-Claude Larieux Henri Courseaux
7%
Christine Rossignol Marine Jolivet
3%
Aucun quiz correspondant
Distribution des résultats
% des personnes avec chaque résultat
Percentile par nombre de réponses
Votre historique - résultats
Vous n’avez pas pris ce quiz